000 00593nam a2200193 i 4500
001 67078
003 ES-MaACL
005 20240625104246.0
007 t|
008 040504s1995 mx |||| |dspa d
080 _a821.134.2(72) Nervo, Amado 1.06
100 1 _aSimón Díaz, José.
_9106544
245 1 0 _aAmado Nervo y Madrid /
_cJosé Simón Díaz.
260 _aTepic (Nayarit) :
_bAyuntamiento de Tepic,
_c[1995]
300 _a56 p. ;
_c21 cm.
600 1 7 _aNervo, Amado,
_d1870-1919-
_xCrítica e interpretación
_2
_9170562
852 _aES-MaACL
_j2171-F-20
999 _c67078
_d67078